Analýza a návrh dátového skladu fakulty

Salvato in:
Dettagli Bibliografici
Autore principale: Martin, 1985- (Autore)
Altri autori: Tanuška, Pavol, 1966- (Relatore della tesi)
Natura: Manoscritto Libro
Lingua:slovacco
Pubblicazione: STU v Bratislave MTF UIAM, 2010
Soggetti:
Accesso online:VAIS
Tags: Aggiungi Tag
Nessun Tag, puoi essere il primo ad aggiungerne!!

MARC

LEADER 00000ntm a22000003a 4500
001 stu207402
005 20160719160311.6
008 100714s2010------------------------slo-d
040 |a STU  |b slo 
041 0 |a slo 
100 1 |a Martin,  |d 1985-  |4 aut  |X 60143  |7 A000060143 
242 0 0 |a Analysis and design of data warehouse faculty  |y eng 
245 1 |a Analýza a návrh dátového skladu fakulty 
260 |b STU v Bratislave MTF UIAM,  |c 2010 
650 7 |a database  |2 estusub 
650 7 |a dátový sklad  |2 stusub 
650 7 |a databáza  |2 stusub 
700 1 |a Tanuška, Pavol,  |d 1966-  |4 ths  |u M6000  |U MTF Materiálovotechnologická fakulta  |T MTF Ústav aplikovanej informatiky, automatizácie a matematiky  |X 248  |U M6000  |Y 86  |7 A000000248 
856 4 |a info a plný text  |u http://is.stuba.sk/zp/portal_zp.pl?podrobnosti=75042  |3 VAIS 
996 |c M*DP-9181  |l MMSKP  |s P  |a 0  |w stu207402_0001